[Event "RUS-ch 56th"]
[Site "Krasnoyarsk"]
[Date "2003.09.05"]
[Round "3"]
[White "Glek, Igor Vladimirovich"]
[Black "Lependin, Anatolij"]
[Result "0-1"]
[WhiteElo "2566"]
[BlackElo "2393"]
[Annotator "Hecht,H"]
[PlyCount "110"]
[EventDate "2003.09.03"]
[EventType "swiss"]
[EventRounds "9"]
[EventCountry "RUS"]
[SourceTitle "CBM 098"]
[Source "ChessBase"]
[SourceDate "2004.02.03"]
[SourceVersion "1"]
[SourceVersionDate "2004.02.03"]
[SourceQuality "1"]

1. e4 c5 2. Nf3 Nc6 3. Bb5 g6 4. O-O Bg7 5. c3 Nf6 6. Re1 O-O 7. e5 Nd5 8. d4
cxd4 9. cxd4 d6 10. Nc3 Nxc3 11. bxc3 Bg4 12. exd6 Qxd6 13. h3 Bxf3 14. Qxf3 e6
15. Bf4 Qd7 16. Bxc6 bxc6 17. Rab1 Rfc8 18. Rb3 Qd5 19. Reb1 h5 20. Qxd5 cxd5
21. Kf1 a5 22. Rb8 Raxb8 23. Rxb8 Rxb8 24. Bxb8 a4 25. Ke2 Kf8 {[#] Da die
Position nicht zu gewinnen ist, sollte Weiß mit einfachen Mitteln auf remis
spielen. Turniertaktische Erwägungen spielen bei der rein schachlichen
Bewertung keine Rolle.} 26. Kd3 (26. g4 $11) 26... Ke7 27. c4 Kd7 28. c5 Kc6
29. Kc3 Kb5 30. g3 (30. g4 {nebst evtl. f4 sind klar remis.}) 30... Bf6 31. Bc7
Bg5 32. h4 Be7 33. Kd3 Kc6 34. Bb8 f6 35. Kc3 (35. f4 $2 Kb7 36. Bd6 Bxd6 37.
cxd6 Kc6 38. Kc3 Kxd6 39. Kb4 e5 40. dxe5+ fxe5 41. fxe5+ Kxe5 42. Kxa4 Ke4 43.
Kb3 Kd3 44. a4 d4 45. a5 Ke2 46. a6 d3 47. a7 d2 48. a8=Q d1=Q+ $17 {weil g3
fällt}) 35... Kb5 36. Bc7 (36. f4 $11 {an dieser Stelle möglich}) 36... g5 37.
g4 $5 (37. f3 gxh4 38. gxh4 e5 {gibt wegen der Schwäche h4 nur Schwarz
Gewinnmöglichkeiten}) (37. hxg5 fxg5 38. f4 g4 (38... h4 39. fxg5 h3 40. g4
Bxg5 41. Kd3 Kc6 42. Bg3 Bd8 43. Ke3 Bc7 44. Bxc7 Kxc7 {ergibt ein
haarscharfes Temporennen} 45. Kf2 e5 46. g5 exd4 47. g6 h2 48. Kg2 d3 49. g7 d2
50. g8=Q h1=Q+ 51. Kxh1 d1=Q+ 52. Kg2 Qc2+ $17 {und sieht auch nicht einladend
aus})) 37... gxh4 38. gxh5 Bf8 39. Bh2 e5 40. dxe5 fxe5 41. Bxe5 h3 {[%cal
Rf8g7]} 42. Bh2 Kxc5 {Der schwarze Vorteil gründet sich auf die weiter
auseinander stehenden Freibauern, während die beiden weißen der Läufer f8
bequem hält.....} 43. f3 (43. Kd3 d4 44. f4 Bg7 45. f5 Kd5 46. Bg3 Be5 47. Bxe5
Kxe5 48. h6 Kf6 $19 {....., was auch der König schafft.}) 43... d4+ 44. Kd3 Kd5
45. f4 Bg7 46. Bg3 Kc5 47. Bh2 Kb4 48. h6 Bxh6 49. Kxd4 Ka3 50. Ke4 (50. f5
Kxa2 51. Kc3 Kb1 $1 (51... Bg7+ 52. Kc2 Bf6 $1 (52... Bf8 53. f6) 53. Bg3 Be7
54. Bh2 Ka3 55. Kc3 Bf6+ {gewinnt allerdings auch}) 52. Kb4 Kc2 53. Kxa4 Kd3
54. Kb3 Ke4 55. Kc2 Kxf5 56. Kd3 Bf4 57. Bg1 Kg4 58. Ke2 Kg3 59. Kf1 Kf3 $19)
50... Kxa2 51. f5 Kb3 52. Kf3 a3 53. Be5 Kc4 $1 (53... a2 54. f6 (54. Kg3 Bf4+
$19) 54... Bf4 55. Ba1 Bd6 56. f7 Kc4 57. Kf2 Kd5 58. Kg1 Ke6 $19) 54. Kg3 Kd5
55. Bc3 Bf4+ {sichert die Metamorphose des a-Bauern nach dem weiteren Le5} 0-1

[Event "EU-Cup 09th Group7"]
[Site "Barcelona"]
[Date "1993.10.02"]
[Round "2"]
[White "De la Riva Aguado, Oscar"]
[Black "Muir, Andrew Joseph"]
[Result "1-0"]
[WhiteElo "2400"]
[BlackElo "2360"]
[Annotator "Horvath,Ta"]
[PlyCount "81"]
[EventDate "1993.10.01"]
[EventType "team-k.o."]
[EventRounds "3"]
[EventCountry "ESP"]
[SourceTitle "EXT 2020"]
[Source "ChessBase"]
[SourceDate "2019.10.17"]
[SourceVersion "1"]
[SourceVersionDate "2019.10.17"]
[SourceQuality "1"]
[WhiteTeam "Catalonia region"]
[BlackTeam "Paisley YMCA Renfrew"]
[WhiteTeamCountry "ESP"]
[BlackTeamCountry "SCO"]

1. e4 c5 2. Nf3 Nc6 3. Bb5 g6 4. O-O Bg7 5. Re1 e5 6. Bxc6 dxc6 7. a3 a5 8. a4
Qc7 $6 (8... Nh6 $5 9. d3 f6 10. Be3 b6 11. Nbd2 Nf7 12. Nc4 Be6 $13) 9. Na3
Nf6 10. Nc4 Nh5 $2 (10... Nd7 11. d3 b6 12. Be3 O-O 13. Qd2 Re8 $13) 11. d3 O-O
12. Be3 b6 13. b4 $1 axb4 14. a5 b5 15. Nb6 Rxa5 16. Rxa5 Qxb6 17. Qa1 $16 Nf4
18. Ra8 Ne6 19. Rb1 Nd4 20. Nxd4 cxd4 21. Bd2 c5 (21... Bb7 22. Rxf8+ Bxf8 23.
Bxb4 c5 24. Bd2 Kg7 25. Qa5 Qxa5 26. Bxa5 Bc6 27. Bc7 Kf6 28. Ra1 $18) 22. Qa7
Qc6 23. Rb8 f5 24. Rb6 Qe8 25. Qc7 c4 26. Bxb4 Rf7 27. Qc5 cxd3 (27... fxe4 28.
dxc4 Bf8 29. Qxb5 Bd7 30. Qd5 $18) 28. cxd3 Bf8 29. Qd5 fxe4 30. dxe4 Bxb4 31.
Rxb4 Bd7 32. Rf6 Qe7 33. Rxf7 Qxf7 34. Qxe5 d3 35. Rd4 Qb3 36. Qd5+ Qxd5 37.
exd5 Bf5 38. g4 Bd7 39. f3 Kf7 40. Rxd3 Kf6 41. Re3 1-0

[Event "Groningen PCA"]
[Site "Groningen"]
[Date "1993.??.??"]
[Round "1"]
[White "Smirin, Ilia"]
[Black "Vyzmanavin, Alexey"]
[Result "1/2-1/2"]
[WhiteElo "2640"]
[BlackElo "2605"]
[Annotator "Horvath,Ta"]
[PlyCount "91"]
[EventDate "1993.12.??"]
[EventType "swiss"]
[EventRounds "11"]
[EventCountry "NED"]
[SourceTitle "CBM 039"]
[Source "ChessBase"]
[SourceDate "1994.04.01"]
[SourceVersion "1"]
[SourceVersionDate "1994.04.01"]
[SourceQuality "1"]

1. e4 c5 2. Nf3 Nc6 3. Bb5 g6 4. c3 Nf6 5. e5 Nd5 6. O-O Bg7 7. d4 cxd4 8. cxd4
O-O 9. Nc3 Nc7 (9... Nxc3 10. bxc3 d6 $10) 10. Bg5 $5 (10. Bf4 Nxb5 11. Nxb5 a6
12. Nc3 d6 $10) (10. Ba4 $5) 10... h6 11. Bh4 Nxb5 (11... d6 12. Bxc6 bxc6 13.
exd6 Qxd6 14. Ne5 $14) 12. Nxb5 a6 13. Nd6 $5 g5 (13... Qb6 14. Nc4 Qb4 15. Rc1
$16) 14. Bxg5 hxg5 15. Nxg5 f6 (15... exd6 $2 16. Qh5 Re8 (16... Qxg5 17. Qxg5
dxe5 18. dxe5 Nxe5 19. Rfe1 $16) 17. Qxf7+ Kh8 18. Qh5+ Kg8 19. f4 Nxd4 (19...
dxe5 20. f5 $1 Qe7 21. Qh7+ Kf8 22. f6 Bxf6 23. Qh8#) 20. f5 $1 Rxe5 21. Qh7+
Kf8 22. f6 $18) 16. exf6 Rxf6 17. Qb3+ e6 18. d5 Nd4 $1 (18... Ne7 $2 19. dxe6
dxe6 20. Rad1 $16) 19. Qd3 Rf4 20. Qh7+ Kf8 21. Qg6 Qe7 22. Nc4 Rh4 (22... exd5
$2 23. Nb6 $18) 23. d6 Qf6 24. Nh7+ Rxh7 25. Qxh7 b5 26. Qe4 $6 (26. Nb6 Rb8
27. Nxc8 Rxc8 28. Qe4 Rc6 29. Rac1 Rxd6 30. Rfd1 $13) 26... Rb8 27. Na5 Qf5 28.
Qe3 b4 29. Rad1 Ne2+ (29... Qxa5 30. Rxd4 Bxd4 31. Qxd4 $44) 30. Qxe2 Qxa5 31.
Qc2 Qb6 32. Qh7 Bb7 33. Rd3 Rc8 34. Qh4 (34. Rg3 Qd4 35. h4 Be4 $17) 34... Kg8
35. Qg4 Rf8 36. h4 Rf7 37. h5 Kf8 38. Qg6 Rf6 39. Qg5 Qb5 40. Qxb5 axb5 41. Rc1
Rf4 42. Rc7 Bd5 43. Rc8+ Kf7 44. Rc7 Ke8 45. Rc8+ Kf7 46. Rc7 1/2-1/2

[Event "Veterans-Women"]
[Site "Monte Carlo"]
[Date "1994.??.??"]
[Round "12"]
[White "Ivkov, Borislav"]
[Black "Polgar, Judit"]
[Result "0-1"]
[WhiteElo "2485"]
[BlackElo "2630"]
[Annotator "Horvath,Ta"]
[PlyCount "74"]
[EventDate "1994.06.??"]
[EventType "schev"]
[EventRounds "6"]
[EventCountry "MNC"]
[SourceTitle "CBM 042"]
[Source "ChessBase"]
[SourceDate "1994.10.01"]
[SourceVersion "1"]
[SourceVersionDate "1994.10.01"]
[SourceQuality "1"]

1. e4 c5 2. Nf3 Nc6 3. Bb5 g6 4. O-O Bg7 5. Re1 Qb6 6. Nc3 (6. Na3 $5 d6 7. e5
$1 d5 (7... Bg4 $2 8. exd6 e6 9. d7+ $16) 8. d4 cxd4 (8... Bg4 $2 9. dxc5 Qxc5
10. Be3 Bxf3 11. Qxf3 $18 d4 12. Bxd4) 9. Nxd4 Bd7 10. Be3 $1 $16 Nxe5 $2 11.
Nf5 Qf6 12. Nxg7+ Qxg7 13. Bd4 $18) 6... Nd4 7. Nd5 Qd8 8. Nxd4 cxd4 9. c3 (9.
d3 a6 10. Ba4 b5 11. Bb3 e6 12. Bf4 d6 13. Qf3 exd5 14. Bxd5 Ra7 15. e5 dxe5
16. Bxe5 Bxe5 17. Rxe5+ Kf8 18. Rae1 $44) 9... e6 10. Nf4 $2 (10. Nb4 $142) (
10. Qe2 exd5 11. exd5+ Kf8 12. d6 Bf6 $19) 10... Qg5 11. Nd5 exd5 12. exd5+ Kd8
13. Qe2 $6 (13. c4 $142) 13... Qe7 14. Qd1 Qd6 15. c4 a6 16. Ba4 b5 $1 17. Bb3
bxc4 18. Bxc4 d3 $1 19. Rb1 f5 20. b3 Nf6 21. h3 Nxd5 22. Qf3 Bb7 $19 23. Ba3
Qxa3 24. Bxd5 Bxd5 25. Qxd5 Rc8 26. b4 Rc6 27. b5 axb5 28. Rxb5 Qd6 29. Qb3 Bd4
30. Rd5 Qf4 31. Qb7 Bxf2+ 32. Kh1 Qc7 33. Qa8+ Qc8 34. Qa5+ Bb6 35. Qa4 Re8 36.
Qh4+ Kc7 37. Rb1 Kb7 0-1

[Event "Brno-B"]
[Site "Brno"]
[Date "1993.??.??"]
[Round "1"]
[White "Bezold, Michael"]
[Black "Horvath, Gyula"]
[Result "1/2-1/2"]
[WhiteElo "2490"]
[BlackElo "2450"]
[Annotator "Horvath,Ta"]
[PlyCount "40"]
[EventDate "1993.08.??"]
[EventType "tourn"]
[EventRounds "9"]
[EventCountry "CZE"]
[EventCategory "9"]
[SourceTitle "CBM 038"]
[Source "ChessBase"]
[SourceDate "1994.02.01"]
[SourceVersion "1"]
[SourceVersionDate "1994.02.01"]
[SourceQuality "1"]

1. e4 c5 2. Nf3 Nc6 3. Bb5 g6 4. Bxc6 dxc6 (4... bxc6 5. O-O Bg7 6. c3 e5 7. d4
cxd4 8. cxd4 exd4 9. Nxd4 Ne7 10. Nc3 $10) 5. d3 Bg7 6. h3 b6 7. Nc3 e5 8. Be3
Ne7 9. Qd2 h6 $1 10. Nh2 (10. g4 f6 (10... Be6 11. Nh2 c4 $10) 11. Nh2 g5 12.
h4 Ng6 13. h5 Nf8 14. Ne2 Ne6 $14 {Prie-Lendwai/EU Cup/Clichy/1993}) 10... Be6
11. O-O-O Qd7 12. f4 exf4 13. Bxf4 g5 14. Bg3 f5 15. exf5 Nxf5 16. Rhe1 O-O-O (
16... Nxg3 17. Rxe6+ $2 (17. Qe3 Bxc3 18. bxc3 O-O-O 19. Qxe6 Qxe6 20. Rxe6 Kd7
21. Rde1 Rde8 $10) 17... Qxe6 18. Re1 Be5 19. Ng4 O-O-O $17) 17. Be5 Nd4 18.
Kb1 Rhe8 19. Bxg7 Qxg7 20. Nf1 c4 1/2-1/2

[Event "Rubinstein Memorial 33rd"]
[Site "Polanica Zdroj"]
[Date "1996.??.??"]
[Round "10"]
[White "Rublevsky, Sergei"]
[Black "Hracek, Zbynek"]
[Result "1/2-1/2"]
[WhiteElo "2645"]
[BlackElo "2625"]
[Annotator "Horvath,Ta"]
[PlyCount "106"]
[EventDate "1996.08.15"]
[EventType "tourn"]
[EventRounds "11"]
[EventCountry "POL"]
[EventCategory "15"]
[SourceTitle "CBM 055"]
[Source "ChessBase"]
[SourceDate "1996.12.01"]
[SourceVersion "1"]
[SourceVersionDate "1996.12.01"]
[SourceQuality "1"]

1. e4 c5 2. Nf3 Nc6 3. Bb5 g6 4. Bxc6 bxc6 {Der Schwarze Bauernstruktur bleibt
elastisch. öffter spielt mann} (4... dxc6 5. h3 Nf6 6. d3 Bg7 7. Nc3 O-O 8. Be3
b6 9. Qd2 e5 10. Bh6 Qe7 $13 {Kaidanov-Gorevich,D /Chicago/1996}) 5. O-O Bg7 6.
Re1 Nh6 7. c3 O-O 8. h3 (8. d4 cxd4 9. cxd4 d5 10. e5 f6 $5 $13) 8... d5 (8...
f6 9. d4 cxd4 10. cxd4 Nf7 11. Nc3 d6 12. b3 $1 $14 {Arhipov-Jakovic/Rossija/
1994}) 9. d3 f6 10. Be3 c4 $1 11. exd5 cxd3 12. Qxd3 cxd5 13. Bc5 Bf5 14. Qd1
Be4 15. Nbd2 Rc8 16. Nxe4 (16. Bxa7 Qc7 17. Be3 Rb8 $44) 16... dxe4 17. Qxd8
Rfxd8 18. Bxe7 exf3 19. Bxd8 Rxd8 20. Rad1 Rb8 21. Rd7 a5 22. gxf3 (22. g4 Bf8
$1 23. b4 axb4 24. cxb4 Rxb4 (24... Bxb4 $6 25. Rb1 Nf7 26. a4 Bd6 27. Rxb8+
Bxb8 28. a5 Bd6 29. a6 Bc5 30. a7 Bxa7 31. Rxa7 $16) 25. Re8 Nf7 26. Ra8 $13)
22... Nf5 23. b4 Bf8 24. bxa5 Ra8 25. Rd5 Kf7 26. Rb1 Ke6 27. c4 Bd6 28. Re1+
Kd7 29. c5 Kc6 30. Rxf5 gxf5 31. cxd6 Kxd6 32. Rd1+ Ke5 33. f4+ Ke4 (33... Kxf4
34. Rd5 Ke4 35. Rb5 f4 36. Kg2 Rg8+ 37. Kf1 Ra8 38. Ke2 $16) 34. a4 Rxa5 35.
Ra1 Kxf4 $10 36. Kg2 Ke4 37. Kg3 f4+ 38. Kg2 f3+ 39. Kg3 Rg5+ 40. Kh4 Ra5 41.
Ra3 Kf4 42. Ra2 Ke4 43. Ra1 Kf4 44. Rg1 h5 45. Ra1 Ke4 46. Ra3 Kf4 47. Ra2 Ke4
48. Kg3 Rg5+ 49. Kh4 Ra5 50. Kg3 Rg5+ 51. Kh2 Ra5 52. Ra3 Kf4 53. Ra2 Ke4
1/2-1/2

[Event "RUS-Cup4"]
[Site "Perm"]
[Date "1997.??.??"]
[Round "1"]
[White "Khamatgaleev, Alexej"]
[Black "Sorokin, Maxim"]
[Result "1/2-1/2"]
[WhiteElo "2385"]
[BlackElo "2560"]
[Annotator "Horvath,Ta"]
[PlyCount "87"]
[EventDate "1997.02.02"]
[EventType "swiss"]
[EventRounds "9"]
[EventCountry "RUS"]
[SourceTitle "CBM 058"]
[Source "ChessBase"]
[SourceDate "1997.06.01"]
[SourceVersion "1"]
[SourceVersionDate "1997.06.01"]
[SourceQuality "1"]

1. e4 c5 2. Nf3 Nc6 3. Bb5 g6 4. O-O Bg7 5. Re1 Nf6 6. e5 Nd5 7. Nc3 Nc7 8.
Bxc6 dxc6 9. Ne4 b6 {Verschafft Schwarz ohne Komplikationen Ausgleich.} (9...
Ne6 10. d3 O-O 11. Be3 b6) 10. Nf6+ Bxf6 $6 {Bekannt ist} (10... Kf8) (10...
exf6 11. exf6+ Kf8 12. fxg7+ Kxg7 13. b3 $16) 11. exf6 e6 12. d4 cxd4 13. Qxd4
Qxd4 14. Nxd4 Bb7 15. c4 (15. Bf4 O-O-O 16. Be5 $14) 15... c5 16. Ne2 O-O-O 17.
Bf4 g5 18. Be5 h5 19. Nc3 Bc6 20. a3 Ne8 21. b4 Rh6 22. bxc5 Nxf6 (22... bxc5
$2 23. Rab1) 23. cxb6 axb6 24. Rab1 Nd7 25. Nb5 (25. Bd6 $5) 25... Bxb5 26.
Rxb5 Kb7 27. Bd4 e5 28. Bxe5 (28. Be3 Rc6 29. Rd1 Rxc4 30. Bxg5 f6 31. Be3 Kc7
32. Rbd5 $16) 28... Re8 29. Bc3 Rxe1+ 30. Bxe1 Nc5 31. Bb4 Kc6 32. a4 Nxa4 33.
Rxg5 Nb2 34. Rf5 Nxc4 35. Rxf7 b5 36. g3 Ne5 37. Rf8 Nd3 38. Bd2 Rh7 39. Rb8
Nc5 40. Kg2 Re7 41. Rc8+ (41. Be3 Nd7 42. Rc8+ Kd5 43. h3 $14) 41... Kd5 42.
Rd8+ Kc4 43. Rc8 Kd5 44. Rd8+ 1/2-1/2

[Event "Bundesliga 9899"]
[Site "Germany"]
[Date "1998.12.13"]
[Round "6.8"]
[White "Floegel, Ulrich"]
[Black "Brendel, Oliver"]
[Result "1/2-1/2"]
[WhiteElo "2365"]
[BlackElo "2420"]
[Annotator "Knaak,R"]
[PlyCount "99"]
[EventDate "1998.10.17"]
[EventType "team-tourn"]
[EventRounds "15"]
[EventCountry "GER"]
[SourceTitle "GER-chT"]
[Source "ChessBase"]
[SourceDate "1999.07.01"]
[SourceVersion "1"]
[SourceVersionDate "1999.07.01"]
[SourceQuality "1"]
[WhiteTeam "Werder Bremen"]
[BlackTeam "Castrop Rauxel"]
[WhiteTeamCountry "GER"]
[BlackTeamCountry "GER"]

1. e4 c5 2. Nf3 Nc6 3. Bb5 Nf6 4. Qe2 g6 5. c3 Bg7 6. O-O O-O 7. d4 cxd4 8.
cxd4 d5 9. e5 Ne4 10. Nc3 Bg4 11. Rd1 Nxc3 12. bxc3 a6 $6 $146 ({RR} 12... Rc8
13. h3 Bd7 {1/2-1/2 Michel Yunis,C-Lhagvasuren,C/Moscow 1994/CBM 44 ext (33)})
13. Bxc6 bxc6 14. h3 Bxf3 15. Qxf3 {Weiß steht dank des Raumvorteils deutlich
besser.} Qa5 16. a4 Rfb8 17. Ba3 Bf8 18. e6 $1 f6 {Mit so einem herrlichen
Bauern auf e6 sollte man eigentlich auf Gewinn stehen.} 19. h4 (19. Bb4 Qc7 20.
a5 {kommt in Frage.}) 19... Qc7 20. h5 g5 21. Bc1 $6 {Statt dessen kommen 21.
Tab1 und 21.g3 in Frage.} Rb3 22. Bd2 Qd6 23. Qf5 Bh6 24. g3 Kh8 25. Kg2 Rab8
26. Rac1 {Weiß steht immer noch besser.} Ra3 $6 27. c4 $2 (27. Rb1 $1 {
Erzwingt den Tausch des Turmes b8 während der Turm auf der a-Linie vorläufig
nicht bei der Verteidigung helfen kann. Ich glaube, Schwarz steht am Abgrund.})
27... Rxa4 28. cxd5 (28. c5 $5) 28... cxd5 29. Be3 Rc4 30. Ra1 $2 {So lange
der Bauer auf e6 steht, hat Weiß ein heißes Eisen im Feuer; nun geht er leider
verloren und damit beginnt ein verzweifelter Kampf ums Remis.} Rc6 31. Rab1
Rxb1 32. Rxb1 Qxe6 33. Qxe6 Rxe6 34. Rb8+ Kg7 35. Rd8 Rd6 36. Rxd6 exd6 37. g4
{Die für Schwarz ungünstige Bauernkonstellation gibt Weiß etwas Hoffnung;
könnte z.B. der König nach a4 gelangen, wäre das Remis sofort perfekt.} f5 {
Ich glaube Schwarz sollte sofort mit dem König nach b5 rennen und dann den
Läufer über f8-e7-d8 führen - notfalls unter Opfer des überflüssigen Bauern d6.
} 38. f3 fxg4 $6 {Besser ist wohl 38...f4, weil Schwarz dann keinen Bauern
verteidigen muß.} 39. fxg4 Kf7 40. Kf3 Ke7 41. Ke2 Kd7 42. Kd3 Kc6 43. Kc3 Kb5
44. Kb3 a5 $6 (44... Bg7 45. Bxg5 Bxd4 {bot noch geringe Gewinnchancen.}) 45.
Kc3 a4 46. Bc1 Ka5 47. Bd2 a3 48. Kb3+ Kb5 49. Bc1 a2 {Diesen Bauern muß man
keineswegs nehmen. Aber auch} (49... Bg7 50. Bxg5 Bxd4 51. Bc1 a2 52. Kxa2 Kc4
{führt zum Remis.}) 50. Bb2 $1 {[#] Weiß weigert sich nun mit dem König zu
ziehen; Schwarz kann keine Fortschritte machen.} 1/2-1/2

[Event "USA-ch"]
[Site "Seattle"]
[Date "2003.01.13"]
[Round "5"]
[White "Foygel, Igor"]
[Black "Kreiman, Boris"]
[Result "1/2-1/2"]
[WhiteElo "2474"]
[BlackElo "2497"]
[Annotator "Kostakiev,D"]
[PlyCount "68"]
[EventDate "2003.01.09"]
[EventType "swiss"]
[EventRounds "9"]
[EventCountry "USA"]
[SourceTitle "CBM 093"]
[Source "ChessBase"]
[SourceDate "2003.04.01"]
[SourceVersion "1"]
[SourceVersionDate "2003.04.01"]
[SourceQuality "1"]

1. e4 c5 2. Nf3 Nc6 3. Bb5 g6 4. O-O Bg7 5. Re1 e5 6. b4 $5 {Lein 1961.
Statistic 50%. Modest interest to this move during the last years.} Nxb4 (6...
cxb4 $5 7. a3 (7. Bb2 $5) 7... Nge7 (7... Qa5) 8. axb4 O-O 9. c3 d5 {1/2-1/2
Lutikov,A-Petersons,A/Kiev 1964/URS-ch (29)}) 7. Bb2 (7. c3 Nc6 8. d4 exd4 9.
e5 Nge7 10. cxd4 {1/2-1/2 Lein,A-Taimanov,M/Baku 1961/URS-ch (34)}) 7... Qc7 8.
c3 Nc6 9. d4 exd4 (9... d6 10. Na3 a6 11. Bf1 b5 12. Nc2 Nge7 13. a4 {Comp
Kuppenheim 12hB-McShane,L/Kuppenheim 2002/EXT 2003/1-0 (37)}) 10. cxd4 Nge7
$146 (10... a6 11. Bxc6 dxc6 12. e5 Ne7 13. dxc5 Nd5 14. Nbd2 {Henao,
R-Fridjonsson,J/Caracas 1976/EXT 2000/1-0 (33)}) 11. Nc3 cxd4 (11... Qa5 $5 $14
{should be examined more closely}) 12. Nd5 $16 Qd8 13. Ba3 O-O 14. Bd6 b6 15.
Qd2 Bb7 16. Qf4 Nxd5 17. exd5 Na5 {[#]} 18. Re7 $2 (18. Bxf8 $142 Bxf8 19. Ne5
$5 (19. Qxd4 $6 Bg7 20. Qe4 Bxa1 21. Rxa1 Rc8 $15) (19. d6 $14) (19. Rad1 a6
20. Bd3 Bxd5 $14) 19... Bxd5 20. Qxd4 $16) 18... a6 $11 19. Rxd7 axb5 20. Rxd8
Rfxd8 21. Be5 (21. Rd1 $6 Bxd5 22. Nxd4 Bxa2 (22... Nc4 23. Nxb5 Be6 $17) 23.
Nxb5 Nc4 $15) 21... Rxd5 (21... Bxe5 22. Qxe5 d3 23. Rd1 $17) 22. Bxg7 $11 (22.
Bxd4 $2 Bxd4 23. Nxd4 Rad8 $19) 22... Kxg7 23. Nxd4 Rad8 24. Nc2 Rd1+ 25. Ne1
Nc4 26. Rxd1 Rxd1 27. Kf1 Be4 28. f3 Bd3+ 29. Kf2 Rd2+ 30. Kg3 Bf1 31. h3 (31.
a3 Re2 $11) 31... Re2 (31... b4 32. Qe4 $15) 32. Qd4+ $11 f6 33. Qd7+ Kh6 34.
Qf7 Rxe1 (34... Rxa2 35. Kh4 Ra8 36. Qxf6 $18) 1/2-1/2

[Event "RUS-ch"]
[Site "Elista"]
[Date "1995.??.??"]
[Round "9"]
[White "Ulybin, Mikhail"]
[Black "Krasenkow, Michal"]
[Result "0-1"]
[WhiteElo "2545"]
[BlackElo "2590"]
[Annotator "Krasenkow,M"]
[PlyCount "84"]
[EventDate "1995.10.??"]
[EventType "swiss"]
[EventRounds "11"]
[EventCountry "RUS"]
[SourceTitle "CBM 050"]
[Source "ChessBase"]
[SourceDate "1996.02.01"]
[SourceVersion "1"]
[SourceVersionDate "1996.02.01"]
[SourceQuality "1"]

1. e4 c5 2. Nf3 Nc6 3. Bb5 g6 4. Bxc6 dxc6 5. h3 e5 6. d3 f6 7. O-O Nh6 8. Be3
Nf7 9. c3 Bd6 (9... g5 10. d4 (10. Qe2 {-Inf.61/172}) 10... cxd4 11. cxd4 g4
12. Nh4 $1 gxh3 13. g3 $44) 10. a3 O-O 11. b4 Qe7 12. Nbd2 Be6 $10 13. Nc4 Bxc4
14. dxc4 a5 $5 15. b5 a4 $1 16. Rb1 $6 (16. bxc6 bxc6 17. Nd2 f5 18. f3 $10)
16... f5 $1 $15 17. Qe2 f4 18. Bd2 Bc7 19. Rfc1 $1 Nd6 20. Be1 Qe6 21. bxc6
bxc6 22. Nd2 {/\23.f3, 24.Bf2=} f3 $1 23. Nxf3 Qxc4 24. Qe3 $1 (24. Qxc4+ Nxc4
$17) (24. Rc2 Qxe2 25. Rxe2 Nc4 $17) 24... Nxe4 25. Rb7 Rf7 26. Rc2 $6 (26.
Rxc7 $1 Rxc7 27. Nxe5 Qd5 28. Ng4 Rf8 29. f3 Nf6 30. Qf4 Nxg4 $1 31. Qxc7 Ne3
$36) 26... Re8 $17 27. Qe2 Nd6 28. Qxc4 Nxc4 29. Ng5 Rfe7 30. Ne4 Ra8 $6 $138 (
30... Rb8 31. Ra7) (30... Bb8 $1 31. Rxe7 Rxe7 $17) 31. Nxc5 $2 $138 (31. Ra2
$15) 31... Bd6 $19 32. Rxe7 Bxe7 33. Nd3 Nxa3 34. Ra2 Nc4 35. f3 a3 36. Kf1 Rb8
37. Ke2 Rb1 38. Bd2 Rg1 39. Be1 (39. Kf2 Rd1 $19) (39. Ne1 Bh4 $19) 39... Rxg2+
40. Bf2 Rh2 41. Kf1 Rxh3 42. Kg2 Rh5 0-1